[Event "POR-chT 1st Divison 2018"]
[Site "Maia"]
[Date "2018.07.19"]
[Round "5"]
[White "Cruz, Jorge Filipe Egas D"]
[Black "Iruzubieta Villaluenga, Jesus M"]
[Result "1/2-1/2"]
[WhiteElo "2159"]
[BlackElo "2439"]
[Annotator "TA"]
[PlyCount "104"]
[EventDate "2018.07.16"]
[EventType "team-tourn"]
[EventCountry "POR"]
[SourceTitle "playchess.com"]
[Source "ChessBase"]
[SourceQuality "1"]

{[%evp 19,104,27,23,-15,-13,-8,-13,-53,-53,-111,-70,-106,-102,-95,-39,-116,-76,-108,-85,-133,-75,-92,-63,-84,-81,-72,-55,-70,-63,-62,-47,-93,-83,-146,-135,-139,-127,-116,-121,-112,-118,-121,-107,-176,-135,-127,-71,-62,-71,-78,-64,-76,-75,-86,-100,-79,-57,-108,-113,-152,-47,-52,-54,-43,-31,-178,-184,-135,-118,-483,-76,-84,0,0,0,0,0,0,0,0,0,0,0,0,0,0,0]} 1. e4 c5 2. Nf3 d6 3. d4 cxd4 4. Nxd4 Nf6 5. Nc3 Nc6 6. Bg5 Bd7 7. Qd2 Rc8 8. O-O-O Nxd4 9. Qxd4 Qa5 10. Bxf6 gxf6 {LiveBook: 77 Games} 11. Bc4 {B61: Sicilian: Richter-Rauzer: 6...Bd7 7 Qd2} (11. Kb1 {looks sharper.} Qc5 12. Qd2 f5 13. exf5 Bxf5 14. Bb5+) (11. f4 Bg7 12. Kb1 Qc5 13. f5 Bh6 14. Qxc5 Rxc5 15. Nd5 Rg8 16. g3 Bg7 17. b4 Rc8 18. Nf4 Bh6 {1-0 (44) Smeets,J (2669)-Bauer,C (2612) Sestao 2010}) 11... Qc5 12. Qxc5 Rxc5 13. Bd5 b5 14. f3 $146 (14. a3 $15) ({Predecessor:} 14. f4 a5 15. e5 dxe5 16. fxe5 e6 17. Bf3 f5 18. Rd4 b4 {0-1 (42) Kovac,A (1985)-Pinter,E (2389) Piestany 2007}) 14... h5 15. g3 e6 {And now ...b4 would win.} 16. Bb3 Ke7 (16... b4 $17 17. Ne2 a5) 17. Rhe1 (17. Rd4 $15) 17... Bg7 18. Ne2 Rb8 19. Kb1 a5 ({Better is} 19... b4 20. c3 bxc3 21. Nxc3 f5 22. exf5 Bxc3 23. bxc3 Rxf5) 20. c3 $17 a4 21. Bc2 b4 22. cxb4 Rxb4 23. Nf4 {Threatening Nd3.} Rcb5 24. Nd3 Rd4 25. Nc1 {[#]} f5 $1 $36 {[%mdl 2560] Black is on the roll.} 26. b3 (26. Rxd4 $142 Bxd4 27. Nd3) (26. exf5 Rxd1) 26... fxe4 27. Rxd4 Bxd4 28. Rxe4 Bg1 29. Ne2 axb3 ({And not} 29... Bxh2 30. Rh4 $16) 30. Bxb3 Bf2 ({Inferior is} 30... Bxh2 31. Rh4 $16) 31. f4 (31. Nc3 $17 {might work better.} Rf5 32. f4) 31... Rc5 32. Rc4 Bb5 (32... Rxc4 $142 33. Bxc4 h4 34. gxh4 d5) 33. Rxc5 Bxc5 {[%mdl 4096] Endgame KBB-KBN} 34. Bd1 f6 35. Kc2 Be8 36. Kd3 d5 37. Nd4 Kd6 38. a4 (38. h4 $15) 38... Bb6 $1 39. h3 {[#]} Bg6+ (39... e5 $1 $17 40. Nf5+ Kc5) 40. f5 $1 $15 {[%cal Rf5g6]} exf5 {White must now prevent ...f4+.} 41. Kc3 Ke5 42. Nf3+ (42. Nc6+ $1 $15 Kd6 43. Nd4) 42... Ke4 $19 43. Kb4 f4 44. a5 $2 {[%mdl 8192] [#]} (44. Nh4 $17 {nothing else works.} Be8 45. Bc2+ Kd4 46. Nf5+ Ke5 47. gxf4+ Kxf4 48. Ne7) 44... Ba7 $2 (44... Bxa5+ $1 $19 {[%mdl 512] and Black stays clearly on top.} 45. Kxa5 fxg3) 45. Nh4 $17 fxg3 (45... Bf7 $17 46. Bc2+ Ke3 47. gxf4 d4 48. Nf5+ Kxf4) 46. Bc2+ $11 {The position is equal.} Kf4 47. Nxg6+ Ke3 {Threatens to win with ...g2.} (47... Kg5 $5 48. h4+ $8 Kg4 49. Bd1+ Kf5 50. Bc2+ Kg4 51. Bd1+ Kf5 52. Bc2+ Kg4 $11) 48. Nh4 Kf2 49. Bg6 g2 50. Nxg2 $1 Kxg2 51. Bxh5 f5 52. Bf7 {aiming for h4.} Kxh3 {Precision: White = 33%, Black = 53%.} 1/2-1/2

[Event "POR-chT 1st Divison 2018"]
[Site "Maia"]
[Date "2018.07.19"]
[Round "5"]
[White "Romano, Luis Miguel Pereira"]
[Black "Nagy, Gabor"]
[Result "0-1"]
[WhiteElo "2083"]
[BlackElo "2474"]
[Annotator "TA"]
[PlyCount "62"]
[EventDate "2018.07.16"]
[EventType "team-tourn"]
[EventCountry "POR"]
[SourceTitle "playchess.com"]
[Source "ChessBase"]
[SourceQuality "1"]

{[%evp 23,62,0,12,9,21,-136,-100,-155,-138,-125,-124,-126,-124,-197,-215,-264,-264,-240,-238,-249,-204,-352,-339,-343,-260,-267,-195,-278,-282,-503,-489,-492,-480,-1229,-1193,-1707,-1659,-1608,-1629,-1544,-1173]} 1. e4 c5 2. Nf3 e6 3. d4 cxd4 4. Nxd4 Nc6 5. Nc3 Qc7 6. Be3 Nf6 7. Qd2 a6 8. O-O-O Be7 {B48: Sicilian: Taimanov: 5 Nc3 Qc7 6 Be3 a6 without Be2} 9. f3 b5 10. Kb1 (10. g4 Nxd4 11. Bxd4 Bb7 12. g5 Nh5 13. Ne2 Rc8 14. c3 O-O 15. Bh3 f5 16. gxf6 Nxf6 17. Bxf6 Rxf6 18. Qxd7 Rxf3 19. Qxe6+ {1-0 (30) Fedoseev,V (2724)-Quesada Perez,Y (2627) chess.com INT 2018}) 10... Bb7 11. Bf4 e5 12. Nf5 exf4 {LiveBook: 6 Games} 13. Nd5 $1 {[%cal Rd5c7]} Qb8 14. c4 $146 (14. Nxg7+ $11 Kf8 15. Nf5) ({Predecessor:} 14. Nxg7+ Kf8 15. Nf5 Qe5 16. Nxf4 h5 17. Nd3 Qe6 18. Nf4 Qe5 19. Nd3 Qe6 20. Nf4 Qe5 {½-½ (20) Herman,M (2381)-Stukopin,A (2556) ICC INT 2014}) 14... Nxd5 15. exd5 ({White should play} 15. cxd5 Ne5 16. Nxg7+ Kf8 17. Nf5) 15... Ne5 {Hoping for ...Bf6.} ({Not} 15... Qe5 $2 16. dxc6 Qxf5+ 17. Bd3 $18) 16. Nxg7+ Kf8 17. Nf5 {[#]} Ng6 $1 18. d6 (18. Re1 $17) 18... Bf6 $19 19. c5 Qd8 20. Bd3 Rc8 21. Rc1 Bd5 22. Bxb5 {[#]} (22. Rhe1 {was called for.}) 22... Be6 $1 {[%cal Re6f5]} ({Weaker is} 22... axb5 23. Qxd5 Nh4 24. Rc2 $15) 23. Bd3 Rb8 24. Rc2 Be5 25. g4 (25. Rd1 {keeps fighting.}) 25... h5 26. Rg1 $2 (26. Re1 {might work better.}) 26... hxg4 {Black is clearly winning.} 27. fxg4 Rh3 {[%cal Bh8h3,Bh3a3,Ba3a4][%mdl 32]} 28. Bf1 (28. Rd1 $142) 28... Ra3 29. Nd4 Bxa2+ 30. Kc1 Ra4 31. c6 Bxd6 {Precision: White = 38%, Black = 92%.} 0-1

[Event "POR-chT 1st Divison 2018"]
[Site "Maia"]
[Date "2018.07.19"]
[Round "5"]
[White "Turcer, Dusan"]
[Black "Espineira Gonzalez, Diego"]
[Result "0-1"]
[WhiteElo "2039"]
[BlackElo "2327"]
[Annotator "TA"]
[PlyCount "64"]
[EventDate "2018.07.16"]
[EventType "team-tourn"]
[EventCountry "POR"]
[SourceTitle "playchess.com"]
[Source "ChessBase"]
[SourceQuality "1"]

{[%evp 16,64,0,-18,49,-24,-37,-12,-22,-29,-25,-64,0,-60,-50,-65,-53,-98,-125,-129,-127,-339,-349,-318,-331,-335,-289,-287,-295,-473,-439,-456,-449,-477,-473,-464,-434,-575,-549,-562,-573,-562,-540,-571,-568,-563,-538,-29971,-706,-781,-737]} 1. e4 c5 2. Nf3 e6 3. d4 cxd4 4. Nxd4 a6 5. Bd3 Nf6 6. Nc3 Qc7 7. O-O b5 8. a3 {B43: Sicilian: Kan Variation: 5 Nc3} (8. Re1 Bb7 9. Bg5 Nc6 10. Nxc6 Qxc6 11. Qf3 Be7 12. a3 Qc5 13. Be3 Qe5 14. Bf4 Qh5 15. Qe3 Bc5 16. Qd2 O-O {1-0 (60) Radjabov,T (2742)-Artemiev,V (2692) Tbilisi 2017}) 8... Bb7 9. Nb3 {LiveBook: 3 Games} d5 ({Black should play} 9... Be7 $11) 10. Qe2 ({Better is} 10. exd5 $14 Nxd5 11. Nxd5 Bxd5 12. Re1) 10... Nbd7 $11 11. Bd2 $146 ({Predecessor:} 11. exd5 Nxd5 12. Nxd5 Bxd5 13. f4 Bd6 14. Bd2 O-O 15. Rae1 Rae8 16. Qh5 Nf6 17. Qh4 Bc4 18. Re3 Bxd3 19. Rxd3 Ne4 {0-1 (19) Soto Rojas,J (1987)-Vargas Maliqueo,I (2214) Santiago de Chile 2005}) 11... Bd6 12. h3 O-O 13. Rad1 Bh2+ 14. Kh1 {[#] Strongly threatening f4.} Be5 $1 $36 {[%cal Re5c3][%mdl 2048] aiming for ...Bxc3. White is under pressure.} 15. exd5 Nxd5 16. Ne4 Bxb2 17. Ba5 Qe5 {White must now prevent ...Nf4.} 18. f4 $2 (18. Bb4 $17 {was necessary.}) 18... Nxf4 $19 19. Rxf4 Qxf4 20. Bd2 Qe5 21. Bb4 f5 22. Bd6 $2 (22. Nd6 Rfb8 23. Nxb7 Rxb7 24. Qf3) 22... Qd5 (22... fxe4 $2 23. Bxe5 exd3 24. cxd3 $19) 23. c4 bxc4 24. Bxc4 Qxe4 25. Bxe6+ Kh8 26. Qxb2 Qxe6 27. Bxf8 Rxf8 28. Nd4 Qe4 29. Nf3 Nf6 30. Rd4 Qe7 {Hoping for ...Bxf3.} 31. Nh4 Ne4 (31... Qe1+ $142 32. Kh2 {[#]} Ng4+ $1 {[%mdl 512]} 33. hxg4 Qxh4+ 34. Kg1 Qe1+ 35. Kh2 Re8 36. Qb3 Qe5+ 37. Kh3 Qxd4 38. Kh2 Re1 39. Qg3 Qg1+ 40. Kh3 Re3 41. Kh4 Rxg3 42. Kg5 Qd4 43. Kxf5 Qf6#) 32. Nf3 Ng3+ {Precision: White = 25%, Black = 77%.} 0-1

[Event "POR-chT 1st Divison 2018"]
[Site "Maia"]
[Date "2018.07.19"]
[Round "6"]
[White "Iturrizaga Bonelli, Eduardo"]
[Black "Zelbel, Patrick"]
[Result "1/2-1/2"]
[WhiteElo "2652"]
[BlackElo "2418"]
[Annotator "TA"]
[PlyCount "35"]
[EventDate "2018.07.16"]
[EventType "team-tourn"]
[EventCountry "POR"]
[SourceTitle "playchess.com"]
[Source "ChessBase"]
[SourceQuality "1"]

{[%evp 25,35,18,32,2,25,22,29,0,0,0,0,0]} 1. d4 Nf6 2. Nf3 g6 3. g3 Bg7 4. Bg2 O-O 5. O-O d6 6. b3 c5 7. c4 d5 8. Bb2 cxd4 9. Nxd4 dxc4 10. bxc4 Qb6 11. Qc1 Nc6 {A49: 1 d4 Nf6 2 Nf3 g6 3 g3: Anti-King's Indian systems} (11... Bd7 12. Nd2 Nc6 13. N2b3 Rac8 14. Rd1 Rfd8 15. Rb1 Qc7 16. Bc3 b6 17. Nb5 Qb8 18. Qa3 a5 19. Qb2 {½-½ (48) So,W (2778)-Caruana,F (2816) Leuven 2018}) 12. Nxc6 bxc6 13. Nd2 Be6 {LiveBook: 4 Games} 14. Nb3 Rad8 $146 ({Predecessor:} 14... Rab8 15. Be5 Rbd8 16. Qc3 Ne8 17. Bxg7 Nxg7 18. Na5 Rc8 19. Rab1 {½-½ (44) Azaladze,S (2499)-Praneeth,S (2305) Mumbai 2015}) 15. Bc3 {Threatens to win with Ba5.} Qa6 16. Na5 Bxc4 17. Nxc4 Qxc4 18. Bxf6 1/2-1/2

[Event "POR-chT 1st Divison 2018"]
[Site "Maia"]
[Date "2018.07.20"]
[Round "6"]
[White "Vavulin, Maksim"]
[Black "Silva, Luis Neves Da"]
[Result "1-0"]
[WhiteElo "2552"]
[BlackElo "2360"]
[Annotator "TA"]
[PlyCount "143"]
[EventDate "2018.07.16"]
[EventType "team-tourn"]
[EventCountry "POR"]
[SourceTitle "playchess.com"]
[Source "ChessBase"]
[SourceQuality "1"]

{[%evp 26,143,24,17,33,0,18,0,35,13,10,21,23,26,17,28,10,25,36,47,64,28,45,8,12,-19,-12,-10,-3,-20,0,-61,-43,-59,0,0,128,120,107,84,180,180,180,177,157,153,158,157,179,49,49,49,49,49,44,40,93,90,101,85,89,72,73,53,47,56,52,54,62,29,116,116,109,109,169,169,162,167,460,446,496,494,470,456,403,395,6037,5941,1675,2979,29972,29973,29973,29974,29974,29975,29975,29974,29974,29974,29977,29975,29975,29974,29974,29975,29975,29976,29976,29977,29977,29978,29978,29976,29979,29980,29984,29985,29985,29986]} 1. e4 e5 2. Nf3 Nc6 3. Bb5 a6 4. Ba4 Nf6 5. O-O Be7 6. Re1 b5 7. Bb3 d6 8. c3 O-O 9. h3 Re8 10. d4 Bb7 11. Nbd2 Bf8 12. a3 h6 13. Ba2 Nb8 {[%cal Bc6b8,Bb8d7,Bd7c5,Bc5b3][%mdl 32]} 14. Qb3 {LiveBook: 20 Games. C93: Closed Ruy Lopez: Smyslov Variation} Qe7 (14... Qd7 15. Qc2 c5 16. d5 c4 17. b3 cxb3 18. Nxb3 Qc7 19. Bd2 Rc8 20. Rac1 a5 21. Qb1 a4 {½-½ (34) Saric,I (2621)-Vitiugov,N (2724) Helsingor 2017}) 15. c4 Nbd7 $146 ({Predecessor:} 15... c6 16. dxe5 dxe5 17. cxb5 Nbd7 18. bxa6 Bxa6 19. Nc4 Nc5 20. Qc2 Nfd7 21. b4 Ne6 22. Bb2 f6 23. Rad1 Kh7 24. Nd6 Red8 25. Nf5 Qe8 26. Qb3 {1-0 (26) Patterson,R (2140)-Kostin,A (2043) Victoria 2008}) 16. cxb5 {The position is equal.} exd4 $1 17. bxa6 Bxa6 {...Nc5 is the strong threat.} 18. Nxd4 {Threatens to win with Nf5.} Nc5 19. Nf5 Nxb3 20. Nxe7+ Rxe7 21. Bxb3 g5 22. Bc2 Bg7 23. a4 d5 {[%cal Bd6d5,Bd5d4,Bd4d3][%mdl 32]} 24. Ra3 {[%cal Ba1a3,Ba3b3,Bb3b6,Bb6d6][%mdl 32]} c5 {[%cal Bc7c5,Bc5c4][%mdl 32]} 25. Rb3 c4 26. Rb6 d4 27. Rd6 Nd7 28. Nf3 (28. g3 $11) 28... d3 $15 29. Bd1 $1 Nc5 (29... Ne5 $1 $15) 30. e5 $11 Nb3 (30... Bb7 $11 {remains equal.}) 31. Bxb3 $1 $16 cxb3 32. Bd2 Bb7 (32... Rc7 $16) 33. a5 $18 Bxf3 34. gxf3 Rxe5 35. Rxe5 Bxe5 36. Rxd3 {[%mdl 4096] Endgame KRB-KRB} Rb8 {[#]} 37. a6 (37. Be3 $1 $18) 37... Ra8 $14 38. Rxb3 {aiming for f4.} Rxa6 39. Rb5 Bd4 40. Be3 Bf6 (40... Bxe3 $14 41. fxe3 Ra1+ 42. Kf2 Kg7) 41. b4 $16 Ra1+ 42. Kg2 Rb1 43. Rb8+ Kg7 44. b5 Be5 45. Rb7 Kf6 46. b6 Ke6 47. Ra7 f5 {[#]} (47... Rb4 $11 {keeps the balance.}) 48. Rh7 $1 f4 49. Rxh6+ Kd5 (49... Kf5 $16 {was called for.}) 50. Bd2 $18 Rb2 51. Bc1 Rc2 $2 (51... Rb1 {keeps fighting.}) 52. Ba3 Ra2 53. Be7 Rb2 54. Bxg5 Bd4 55. Bxf4 Bxf2 $2 (55... Bxb6 56. Bg3 Be3) 56. Rd6+ Kc4 57. Rd2 Rxd2 58. Bxd2 {White mates.} Bxb6 {KB-KB} 59. Kg3 Kd5 60. Kg4 Ke6 61. Bc3 Kf7 62. h4 {[%cal Bh3h4,Bh4h5][%mdl 32]} Bc5 63. h5 Kg8 64. Kf5 Kh7 65. Bd2 Be7 66. Bg5 Bf8 67. f4 Bb4 68. Kg4 Kg7 69. Bd8 Kf7 70. Kg5 Bc3 71. h6 Bd2 72. Bc7 {Precision: White = 64%, Black = 41%.} 1-0

[Event "POR-chT 1st Divison 2018"]
[Site "Maia"]
[Date "2018.07.19"]
[Round "6"]
[White "Kantans, Toms"]
[Black "Prithu, Gupta"]
[Result "0-1"]
[WhiteElo "2529"]
[BlackElo "2436"]
[Annotator "TA"]
[PlyCount "68"]
[EventDate "2018.07.16"]
[EventType "team-tourn"]
[EventCountry "POR"]
[SourceTitle "playchess.com"]
[Source "ChessBase"]
[SourceQuality "1"]

{[%evp 16,68,37,21,24,22,24,28,24,15,37,30,25,27,50,25,35,0,5,0,41,31,109,106,158,160,149,150,173,168,165,170,205,186,222,213,237,239,232,245,228,229,280,261,272,219,223,63,61,50,70,-154,-154,-154,-154]} 1. e4 e5 2. Nf3 Nc6 3. Bb5 {[%cal Bf1b5,Bb5a4,Ba4b3][%mdl 32]} a6 4. Ba4 Nf6 5. O-O Be7 6. Qe2 d6 7. c3 O-O 8. Rd1 b5 9. Bb3 {LiveBook: 315 Games} d5 {C86: Closed Ruy Lopez: Worrall Attack} (9... Re8 10. a4 Bd7 11. Ng5 Rf8 12. Nf3 Re8 13. Ng5 Rf8 14. Nf3 {½-½ (14) Tiviakov,S (2668)-Fressinet,L (2713) Douglas 2014}) 10. d3 d4 11. Nbd2 Bc5 $146 {White has an edge.} ({Predecessor:} 11... Na5 12. Nxe5 c5 13. cxd4 cxd4 14. f4 Qb6 15. h3 Nd7 16. Bd5 Ra7 17. Nxd7 Bxd7 {1-0 (40) Ghader Pour,S (2173)-Emad,T (1998) Macau 2007}) 12. Nf1 Be6 13. Ng3 h6 14. Bd2 Qd6 15. h3 Rad8 16. Bxe6 fxe6 17. Be1 dxc3 18. bxc3 {[%cal Bb2c3,Bc3b4][%mdl 32]} b4 {[#]} ({Black should try} 18... Ba3 $14) 19. cxb4 $1 $16 Nd4 (19... Bxb4 $142 20. Bxb4 Qxb4) 20. Nxd4 Bxd4 21. Rac1 Nh7 22. Nf1 {[%cal Bg3f1,Bf1e3,Be3c4][%mdl 32]} Rf7 23. Ne3 Rdf8 24. Rc4 Qe7 25. Rdc1 Ng5 {intending ...Rf3.} 26. Rxc7 Qxc7 27. Rxc7 Rxc7 28. Nc4 Rcf7 29. h4 Nh7 30. g3 g5 31. h5 $2 {[#]} (31. Qg4 $18 Re7 32. h5) 31... g4 $1 $14 32. Qxg4+ Ng5 {[%cal Rd4f2]} 33. Nxe5 $2 (33. Kf1 $1 $14 {keeps the upper hand.}) 33... Rxf2 $17 34. Bxf2 Rxf2 {Precision: White = 51%, Black = 43%.} 0-1

[Event "POR-chT 1st Divison 2018"]
[Site "Maia"]
[Date "2018.07.20"]
[Round "6"]
[White "Martinez Duany, Lelys Stanley"]
[Black "Fernandes, Antonio"]
[Result "1-0"]
[WhiteElo "2528"]
[BlackElo "2403"]
[Annotator "TA"]
[PlyCount "137"]
[EventDate "2018.07.16"]
[EventType "team-tourn"]
[EventCountry "POR"]
[SourceTitle "playchess.com"]
[Source "ChessBase"]
[SourceQuality "1"]

{[%evp 31,137,50,55,7,56,18,47,47,47,54,54,47,49,49,49,47,55,33,29,17,29,37,72,66,76,39,31,25,28,24,16,16,50,34,31,23,22,15,14,0,31,27,35,26,32,0,0,3,30,25,25,6,22,0,0,0,0,0,0,0,36,49,75,41,96,104,133,122,157,156,152,156,147,150,386,149,135,0,125,129,139,108,216,229,302,235,239,213,207,191,394,389,430,414,477,479,602,479,468,467,845,816,1042,1012,29991,29987,29990,29991]} 1. e4 e5 2. Nf3 Nc6 3. Bb5 a6 4. Ba4 Nf6 5. O-O Be7 6. Re1 b5 7. Bb3 d6 8. c3 O-O 9. h3 Nb8 10. d4 Nbd7 11. Nbd2 Bb7 12. Bc2 Re8 13. Nf1 Bf8 14. Ng3 g6 15. b3 c5 16. d5 {C95: Spanische Partie (Breyer-Variante)} Qc7 {LiveBook: 3 Partien} 17. Be3 (17. c4 Bg7 18. Be3 Bc8 19. a4 b4 20. Qd2 Nf8 21. Rf1 h5 22. Rae1 N8h7 23. Nh1 Qe7 {½-½ (37) Bacrot,E (2696)-Koziak,V (2507) Chartres 2017}) 17... Nb6 $146 ({Vorgänger:} 17... c4 18. b4 a5 19. a3 h6 20. Qd2 Kh7 21. Nf1 Ra6 22. Reb1 Rea8 23. Qd1 Nb6 {0-1 (56) Ozbay,E (1998)-Kovanova,B (2371) Antalya 2017}) 18. Nh2 {Weiß steht etwas besser.} a5 19. Qf3 Bg7 20. Bg5 Nbd7 21. a4 bxa4 22. Rxa4 h6 23. Be3 h5 24. Ngf1 Nb6 25. Ra3 c4 26. Rb1 Nfd7 27. Nd2 Reb8 28. Qd1 cxb3 29. Raxb3 {[%cal Re3b6]} Ba6 30. Nhf3 {[%cal Bh2f3,Bf3e1,Be1d3,Bd3b2,Bb2a4][%mdl 32]} Nc5 31. Ra3 Bc8 32. Rb5 Nbd7 33. Rxb8 Rxb8 34. Qa1 Ra8 35. Ne1 Bf6 36. Nd3 Bd8 37. Nb2 Ba6 38. Na4 Rc8 39. Kh2 Kg7 40. c4 Kg8 41. Bd1 Rb8 42. Be2 Nxa4 43. Rxa4 Nc5 44. Ra3 Bc8 45. f4 Bf6 46. f5 $1 {[%cal Rf5g6] Und fxg6 würde nun gewinnen.} Bd8 47. Qf1 Rb2 ({Günstiger ist} 47... Rb7 $14) 48. fxg6 $16 fxg6 {[#]} 49. Bxh5 $1 {[%mdl 512]} gxh5 50. Bxc5 $1 h4 {[#]} (50... Qxc5 $6 51. Rg3+ Bg4 52. hxg4 $14) 51. Be3 $1 Qg7 {Schwarz plant ...Dg3+.} 52. Qf3 Bg5 $2 (52... Qg6 $16 53. c5 Rc2) 53. Nf1 $2 (53. Rxa5 $18 Bb7 54. Nf1) 53... Bd8 54. Nd2 (54. Bd2 $16) 54... Bd7 {[#]} (54... Bg5 $1 $11) 55. c5 $1 dxc5 56. Nc4 {[%cal Bd2c4,Bc4a5,Ba5b7][%mdl 32]} Rb4 (56... Rb8 $16 {war einen Versuch wert.} 57. Bxc5 a4) 57. Nxa5 $18 Rxe4 58. Nb7 ({Minderwertig wäre} 58. Qxe4 Qg3+ 59. Kh1 Qe1+ 60. Kh2 Qg3+ 61. Kh1 Qe1+ 62. Kh2 Qg3+ $11) ({Jedoch nicht} 58. Bxc5 $6 Rf4 $16) 58... Qg3+ 59. Qxg3+ hxg3+ 60. Kxg3 Bh4+ $2 (60... Be7 {war nötig.} 61. Bxc5 (61. Nxc5 Rxe3+ 62. Rxe3 Bxc5 $16) 61... Bh4+ 62. Kh2 Ra4) 61. Kf3 Rb4 62. Nxc5 Bf5 63. d6 {[%cal Bd5d6,Bd6d7][%mdl 32]} Kf7 64. Ra7+ Kg6 65. d7 Be7 (65... Bc2 $142 66. Ra6+ Kf7) 66. g4 Bc2 67. Ra8 Bxc5 68. Bxc5 Be4+ 69. Ke3 {Precision: Weiß = 61%, Schwarz = 39%.} 1-0

[Event "POR-chT 1st Divison 2018"]
[Site "Maia"]
[Date "2018.07.19"]
[Round "6"]
[White "Ferreira, Jorge Viterbo"]
[Black "Spraggett, Kevin Barry"]
[Result "1-0"]
[WhiteElo "2522"]
[BlackElo "2530"]
[Annotator "TA"]
[PlyCount "63"]
[EventDate "2018.07.16"]
[EventType "team-tourn"]
[EventCountry "POR"]
[SourceTitle "playchess.com"]
[Source "ChessBase"]
[SourceQuality "1"]

{[%evp 25,63,27,31,0,0,18,4,0,18,32,46,43,133,137,193,226,218,235,226,226,228,221,219,214,216,211,285,288,264,264,266,273,280,245,479,480,450,447,570,552]} 1. c4 c5 2. g3 Nf6 3. Bg2 e6 4. Nf3 d6 5. O-O a6 6. Nc3 Be7 7. e3 Qc7 8. Qe2 b6 9. b3 Bb7 10. Bb2 O-O 11. Rac1 Nbd7 12. d4 Ne4 {A30: Symmetrical English: Double Fianchetto and Hedgehog} 13. Rfd1 Rfe8 {LiveBook: 13 Games} (13... Nxc3 14. Bxc3 Nf6 15. Nd2 Bxg2 16. Kxg2 cxd4 17. Bxd4 b5 18. Qf3 Qb8 19. c5 dxc5 20. Bxf6 gxf6 {½-½ (35) Akopian,V (2648)-Ponkratov,P (2604) Berlin 2015}) 14. d5 Nxc3 {The position is equal.} 15. Bxc3 exd5 16. cxd5 {[%cal Bc4d5,Bd5d6][%mdl 32] [#]} Qd8 $146 ({Predecessor:} 16... Bf6 17. Nh4 Bxc3 18. Rxc3 Nf6 19. b4 a5 20. bxc5 bxc5 {½-½ (70) Dizdarevic,E (2530)-Papaioannou,I (2520) Elista 1998}) 17. Nd2 {[%cal Bf3d2,Bd2e4,Be4d6,Bd6b7][%mdl 32]} Bf6 18. Ne4 Bxc3 ({Black should play} 18... Be5 $14) 19. Nxd6 $16 ({Of course not} 19. Rxc3 $6 Qc7 $11) ({Don't play} 19. Nxc3 $6 b5 $11) 19... Bf6 (19... Qf6 $16 {keeps fighting.}) 20. Nxb7 $18 Qb8 21. d6 Ra7 22. Qf3 Rc8 23. Qd5 a5 24. g4 h6 25. f4 {[%cal Bf2f4,Bf4g5][%mdl 32]} g6 26. g5 hxg5 27. fxg5 Bg7 28. Rc4 Rf8 29. Rf4 b5 $2 {[#]} (29... Be5 30. Rf2 Qe8) 30. Qc6 {White is clearly winning.} Ne5 31. Qxb5 Ra8 32. d7 {Precision: White = 97%, Black = 40%.} 1-0